5HLuxD.jpg

KING HENRY VIII SENIOR AND PRIMARY SCHOOL LIBRARY OPAC

The worst thing about my sister / (Record no. 818)

000 -LEADER
fixed length control field 01527cam a2200313 a 4500
001 - CONTROL NUMBER
control field 019427688
003 - CONTROL NUMBER IDENTIFIER
control field UkOxU
005 - DATE AND TIME OF LATEST TRANSACTION
control field 20191220104927.0
008 - FIXED-LENGTH DATA ELEMENTS--GENERAL INFORMATION
fixed length control field 120807s2012 enka j 000 f eng c
015 ## - NATIONAL BIBLIOGRAPHY NUMBER
National bibliography number GBB279393
Source bnb
020 ## - INTERNATIONAL STANDARD BOOK NUMBER
International Standard Book Number 9780440869283 (pbk.) :
020 ## - INTERNATIONAL STANDARD BOOK NUMBER
International Standard Book Number 0440869285 (pbk.) :
035 ## - SYSTEM CONTROL NUMBER
System control number (WlAbNL)vtls006383384
035 ## - SYSTEM CONTROL NUMBER
System control number (Uk)016147373
038 ## - RECORD CONTENT LICENSOR
Record content licensor Uk
040 ## - CATALOGING SOURCE
Original cataloging agency StDuBDS
Language of cataloging eng
Transcribing agency StDuBDS
Modifying agency WlAbNL
042 ## - AUTHENTICATION CODE
Authentication code ukscp
082 ## - DEWEY DECIMAL CLASSIFICATION NUMBER
Classification number FIC WIL
100 1# - MAIN ENTRY--PERSONAL NAME
Personal name Wilson, Jacqueline.
Relator term author
245 14 - TITLE STATEMENT
Title The worst thing about my sister /
Statement of responsibility, etc. Jacqueline Wilson ; illustrated by Nick Sharratt.
260 ## - PUBLICATION, DISTRIBUTION, ETC.
Place of publication, distribution, etc. London :
Name of publisher, distributor, etc. Doubleday,
Date of publication, distribution, etc. 2012.
300 ## - PHYSICAL DESCRIPTION
Extent 277 p. :
Other physical details ill. ;
Dimensions 20 cm.
520 ## - SUMMARY, ETC.
Summary, etc. Being sisters is not always easy, and especially not when you are as different as Marty and Melissa. Marty loves her Converse, playing football, hiding in her secret cave as well as helping her father mediate. Melissa, on the other hand, loves Justin Bieber and everything that is pink and pretty. However, everything goes well until the day the mother tells her that from now on they have to share a room. For Marty, having to share her bunk bed is the worst. But the girls find that living so close to each other has unimaginable consequences and when an accident happens they understand that they are closer than they thought.
650 #0 - SUBJECT ADDED ENTRY--TOPICAL TERM
Topical term or geographic name entry element Sisters
Form subdivision Juvenile fiction.
650 #0 - SUBJECT ADDED ENTRY--TOPICAL TERM
Topical term or geographic name entry element Families
Form subdivision Juvenile fiction.
655 #0 - INDEX TERM--GENRE/FORM
Genre/form data or focus term Children's stories.
700 1# - ADDED ENTRY--PERSONAL NAME
Personal name Sharratt, Nick.
Relator term Illustrator
942 ## - ADDED ENTRY ELEMENTS (KOHA)
Source of classification or shelving scheme
Koha item type Books - Fiction
Holdings
Withdrawn status Lost status Source of classification or shelving scheme Damaged status Not for loan Collection code Permanent Location Current Location Shelving location Date acquired Total Checkouts Total Renewals Full call number Barcode Date last seen Date last checked out Price effective from Koha item type
          Fiction KH8 Senior School Library KH8 Senior School Library Fiction 2019-12-20 9 1 FIC WIL 3KHSL000101566 2024-07-22 2024-06-20 2019-12-20 Books - Fiction

Powered By KH8 IT Dept